Biblioteka Instytutu Północnego w Olsztynie

Antykomunizm socjalistów : (Rekord nr 27745)

Szczegóły MARC
000 -Nagłówek
fixed length control field 02889cam a2200601 i 4500
001 - Nr kontrolny bibl., która utworzyła rek.
control field xx004823827
003 - Siglum bibl., której nr kontr. jest w 001
control field NUKAT
005 - Data i czas ostatniej operacji
control field 20260424121524.0
008 - Elementy pola stałej długości
fixed length control field 200303s2019 pl |001 0 pol c
020 ## - ISBN
ISBN 9788380987432
dopowiedzenie (oprawa twarda) :
warunki dostępności zł 45,00
035 ## - Systemowy numer kontrolny
systemowy numer kontrolny (OCoLC)1148391827
035 ## - Systemowy numer kontrolny
systemowy numer kontrolny (NUKAT)xx004823827
040 ## - Instytucja sporządzająca opis
Instytucja, która sporządziła opis WR U/hb
język katalgowania-trzyzn. kod pol
zasady opisu rda
Instytucja, która sporządziła rekord WR U/hbs
Instytucja, która zmodyfikowała rekord WR U/ms
-- WA 14/ABs
-- OLSZT 008/bak
045 2# - Okres czasu dla zawartości
czas między r. 9999 pne a nasz. czas. d1918
-- d1938
046 ## - Kod rodz. daty, data1, data2 (daty pne)
Begin/single date 2019
Single or starting date for aggregated content 1918
Ending date for aggregated content 1938
245 00 - Tytuł właściwy i oznaczenie odpow.
tytuł Antykomunizm socjalistów :
dodatek do tytułu Polska Partia Socjalistyczna wobec Komunistycznej Partii Robotniczej Polski/Komunistycznej Partii Polski : wypisy z prasy i dokumentów (1918-1938) /
dod. inf. ze s. tyt./ozn. odpow. wstęp, wybór i opracowanie Karol Sacewicz.
246 30 - Inne formy tytułu, wariant tytułu
tytuł Polska Partia Socjalistyczna wobec Komunistycznej Partii Robotniczej Polski/Komunistycznej Partii Polski
260 ## - Adres wydawniczy
miejsce wydania, dystrybucji itp. Olsztyn ;
-- Białystok ;
-- Warszawa :
nazwa wydawcy, dystrybutora itp. Instytut Pamięci Narodowej. Oddział w Białymstoku. Delegatura w Olsztynie,
data wydania, dystrybucji itp. 2019.
300 ## - Opis fizyczny
objętość i/lub forma materiału 519 stron ;
format 22 cm.
336 ## - Content Type
Term Tekst
Code txt
Source rdacontent
337 ## - Media Type
Term Bez urządzenia pośredniczącego
Code n
Source rdamedia
338 ## - Carrier Type
Term Wolumin
Code nc
Source rdacarrier
380 ## - Form of work
Form of work Książki
380 ## - Form of work
Form of work Publikacje naukowe
388 1# - TIME PERIOD OF CREATION
Time period of creation term 1901-2000
388 1# - TIME PERIOD OF CREATION
Time period of creation term 1918-1939
388 1# - TIME PERIOD OF CREATION
Time period of creation term 2001-
490 1# - Tytuł serii i ks. wielotom.-nie do wysz.
oznaczenie serii Seria Wydawnicza Oddziału Instytutu Pamięci Narodowej w Białymstoku ;
numer woluminu t. 47
504 ## - Uwaga o bibliografii
uwaga o bibliografii Bibliografia, netografia na stronach 491-505. Indeks.
610 27 - Hasło przedmiotowe-nazwa ciała zbior.
nazwa ciała zbior. lub geogr. Komunistyczna Partia Robotnicza Polski (1918-1925)
źródło hasła DBN
9 (RLIN) 40462
610 27 - Hasło przedmiotowe-nazwa ciała zbior.
nazwa ciała zbior. lub geogr. Komunistyczna Partia Polski (1925-1938)
źródło hasła DBN
9 (RLIN) 40463
610 27 - Hasło przedmiotowe-nazwa ciała zbior.
nazwa ciała zbior. lub geogr. Polska Partia Socjalistyczna (1892-1948)
źródło hasła DBN
9 (RLIN) 35813
610 27 - Hasło przedmiotowe-nazwa ciała zbior.
nazwa ciała zbior. lub geogr. Polska Partia Socjalistyczna (1909-1919)
określnik formy programy.
źródło hasła kaba
9 (RLIN) 40464
610 27 - Hasło przedmiotowe-nazwa ciała zbior.
nazwa ciała zbior. lub geogr. Polska Partia Socjalistyczna (1919-1939)
określnik formy programy.
źródło hasła kaba
9 (RLIN) 40465
610 27 - Hasło przedmiotowe-nazwa ciała zbior.
nazwa ciała zbior. lub geogr. Polska Partia Socjalistyczna (1919-1939)
określnik rzeczowy propaganda.
źródło hasła kaba
9 (RLIN) 40466
610 27 - Hasło przedmiotowe-nazwa ciała zbior.
nazwa ciała zbior. lub geogr. Komunistyczna Partia Robotnicza Polski.
źródło hasła kaba
9 (RLIN) 40467
610 27 - Hasło przedmiotowe-nazwa ciała zbior.
nazwa ciała zbior. lub geogr. Komunistyczna Partia Polski.
źródło hasła kaba
9 (RLIN) 40468
648 #7 - SUBJECT ADDED ENTRY--CHRONOLOGICAL TERM
Chronological term 1901-2000
Source of heading or term DBN
9 (RLIN) 34996
648 #7 - SUBJECT ADDED ENTRY--CHRONOLOGICAL TERM
Chronological term 1918-1939
Source of heading or term DBN
9 (RLIN) 36041
650 #7 - Hasło przedmiotowe-nazwa pospolita
nazwa pospolita lub geogr. Antykomunizm
źródło hasła DBN
9 (RLIN) 39401
650 #7 - Hasło przedmiotowe-nazwa pospolita
nazwa pospolita lub geogr. Propaganda antykomunistyczna
określnik geograficzny Polska
określnik chronologiczny 1900-1945.
źródło hasła kaba
9 (RLIN) 40461
651 #7 - Hasło przedmiotowe-nazwa geogr.
nazwa geograficzna Polska
źródło hasła DBN
9 (RLIN) 35076
655 #7 - Termin określający rodzaj/formę
rodzaj/forma Artykuły
źródło terminu DBN
9 (RLIN) 39080
655 #7 - Termin określający rodzaj/formę
rodzaj/forma Dokumenty
źródło terminu DBN
9 (RLIN) 37215
655 #7 - Termin określający rodzaj/formę
rodzaj/forma Opracowanie
źródło terminu DBN
9 (RLIN) 35024
658 ## - Nazwa określająca cel programu nauczania
główny cel programu nauczania Historia
658 ## - Nazwa określająca cel programu nauczania
główny cel programu nauczania Polityka, politologia, administracja publiczna
700 1# - Hasło dodatkowe - nazwa osobowa
nazwa osobowa Sacewicz, Karol
daty biograficzne (1978- ).
rodzaj współpracy Opracowanie
-- Wstęp
-- Wybór
9 (RLIN) 16268
710 2# - Hasło dodatkowe - nazwa ciała zbior.
nazwa ciała zbior. lub nazwa geogr. Instytut Pamięci Narodowej - Komisja Ścigania Zbrodni przeciwko Narodowi Polskiemu.
nazwa jednostki podrzędnej Oddział (Białystok).
-- Delegatura (Olsztyn).
rodzaj współpracy Wydawca
kod rodzaju współpracy pbl
9 (RLIN) 16272
830 #0 - Hasło dod. serii i op. ks. wielotom. -tyt
tytuł Seria Wydawnicza Oddziału Instytutu Pamięci Narodowej w Białymstoku
oznaczenie tomu t. 47
9 (RLIN) 13120
920 ## - ISBN
ISBN 978-83-8098-743-2 (oprawa twarda) : zł 45,00
942 ## - ADDED ENTRY ELEMENTS (KOHA)
Source of classification or shelving scheme Dewey Decimal Classification
Koha item type pozycje dostępne na miejscu
Egzemplarze
Status wycofania Status zagubienia Klasyfikacja Status uszkodzenia Blokada wypożyczeń Kolekcja Lokalizacja macierzysta Lokalizacja bieżąca Data nabycia Numer akcesji Źródło akcesji Cena Nr inwentarzowy il. wypożyczeń Sygnatura Kod kreskowy Date last seen Price effective from Typ egz.
    Dewey Decimal Classification nieuszkodzona   książka w magazynie Biblioteka Instytutu Północnego w Olsztynie Biblioteka Instytutu Północnego w Olsztynie 30/11/2020 D-36/2020 dar 45.00 59930   59930 IPWK21631 24/04/2026 24/04/2026 pozycje dostępne na miejscu
Biblioteka Instytutu Północnego, ul. Partyzantów 87, 10-402 Olsztyn, email: biblioteka(at)ip.olsztyn.pl